Statistics for Name that Object #3

Click here to take the quiz!

General Stats

  • This quiz has been taken 11,971 times
  • The average score is 12 of 18

Answer Stats

Answer% Correct
Croissant
97%
Grenade
95%
Satellite
90%
Hourglass
86%
Bishop
85%
Prism
76%
Water Tower
74%
{Backgammon} Set
72%
Throwing Star
70%
Pulley
62%
Obelisk
61%
Amphitheatre
59%
Spark Plug
55%
{Fabergé} Egg
54%
Pagoda
49%
Poinsettia
49%
Pinwheel
46%
Rolodex
41%

Score Distribution

Percentile by Number Answered

Percent of People with Each Score

Your Score History

You have not taken this quiz